[Event "EU-chT (Men)"]
[Site "Pula"]
[Date "1997.??.??"]
[Round "5"]
[White "Azmaiparashvili, Zurab"]
[Black "Nikolaidis, Ioannis"]
[Result "1-0"]
[WhiteElo "2650"]
[BlackElo "2565"]

1.d4 Nf6 2.c4 Nc6 3.Nf3 e6 4.Nc3 Bb4 5.Bg5 h6 6.Bh4 g5 7.Bg3 Ne4 8.Qc2 d5
9.e3 h5 10.h3 Bxc3+ 11.bxc3 Nxg3 12.fxg3 Qd6 13.Qf2 Qa3 14.Qc2 Qd6 15.Kf2 h4
16.g4 Bd7 17.Bd3 Qg3+ 18.Kf1 dxc4 19.Bxc4 Rg8 20.Qf2 Qd6 21.e4 Qa3 22.Qd2 O-O-O
23.Kf2 Na5 24.Bd3 f5 25.gxf5 exf5 26.exf5 Rdf8 27.Qc2 Qd6 28.Ne5 Bxf5 29.Bxf5+ Qe6
30.Rhf1 Rxf5+ 31.Kg1 Rgf8 32.Rxf5 Rxf5 33.Qxf5 Qxf5 34.Rf1 Qxf1+ 35.Kxf1 Nc6
36.Nf3 b5 37.Nxg5 b4 38.cxb4 Nxd4 39.Nf3 Nc2 40.b5 Na3 41.Ke2 Nxb5 42.Kd3 Kd7
43.Nxh4 Ke6 44.Nf3 Kd5 45.h4 c5 46.h5 Nd6 47.h6 Nf7 48.h7 Nh8 49.a4  1-0

[Event "Quebec Inv"]
[Site "Quebec"]
[Date "1997.??.??"]
[Round "6"]
[White "Schleifer, Michael"]
[Black "Linsky, Oleg"]
[Result "0-1"]
[WhiteElo "2320"]
[BlackElo "2200"]

1.d4 Nf6 2.c4 Nc6 3.Nc3 e5 4.d5 Ne7 5.e4 Ng6 6.Bd3 Bc5 7.a3 a6 8.b4 Ba7 9.d6 c5
10.Na4 cxb4 11.axb4 Bd4 12.Nf3 Bxa1 13.Be3 b5 14.Bb6 Bc3+ 15.Kf1 bxa4 16.Bxd8 Kxd8
17.Qxa4 a5 18.b5 Bb4 19.h4 Bb7 20.Qc2 Bxd6 21.g3 Nf8 22.Ng5 Ne6 23.Kg2 Nd4
24.Qa2 Rf8 25.f3 Bc5 26.Qa4 d6 27.Nh3 Nd7 28.Rf1 Bb6 29.Bb1 Nc5 30.Qd1 a4
31.Kh2 a3 32.Ba2 Kc7 33.f4 Bxe4 34.fxe5 dxe5 35.Ng5 Bg6 36.h5 Bc2 37.Qg4 f5
38.Qh4 h6 39.Ne4 Bxe4 40.Qe7+ Nd7 41.c5 Bxc5 42.b6+ Kc6 43.Rc1 Kxb6 44.Qxd7 Ra7  0-1

[Event "Seversk"]
[Site "Seversk"]
[Date "1997.??.??"]
[Round "4"]
[White "Nikitin, Andrey"]
[Black "Belozerov, Andrei"]
[Result "0-1"]
[WhiteElo "2480"]
[BlackElo "2420"]

1.d4 Nf6 2.c4 Nc6 3.Nc3 e5 4.d5 Ne7 5.Nf3 Ng6 6.h4 h5 7.Bg5 d6 8.e3 Bf5 9.Qa4+ Qd7
10.Qb3 Qc8 11.Nd2 Be7 12.Rc1 c5 13.dxc6 bxc6 14.Bxf6 Bxf6 15.Nde4 Be7 16.c5 Be6
17.Qa3 dxc5 18.Ba6 Qb8 19.Ng5 Bxg5 20.hxg5 Qb4 21.Qa4 Ne7 22.b3 h4 23.Ke2 Rd8
24.Bd3 a5 25.Qxb4 cxb4 26.Na4 f6 27.Rc5 Rd5 28.gxf6 gxf6 29.Rhc1 Rg8 30.Be4 Rxc5
31.Rxc5 Bd5 32.Bxd5 cxd5 33.Kf1 Kd7 34.Rxa5 Rb8 35.Ra7+ Kd6 36.Ke2 Rc8 37.Ra6+ Nc6
38.Nb2 e4 39.a3 bxa3 40.Rxa3 Nb4 41.Nd1 Rc2+ 42.Kf1 Nd3 43.Ra1 Rd2 44.Kg1 Kc5
45.Nc3 Nxf2 46.b4+ Kd6 47.Ra8 Ke5 48.Re8+ Kf5 49.Rd8 Ke6 50.Re8+ Kf7 51.Rd8 Ng4
52.Rxd5 Rc2 53.Nd1 Rc1  0-1

[Event "SVK-chT 9697"]
[Site "SVK"]
[Date "1997.??.??"]
[Round "1"]
[White "Balogh, Peter"]
[Black "Talla, Vladimir"]
[Result "1/2-1/2"]
[WhiteElo "2235"]
[BlackElo "2285"]

1.d4 Nf6 2.c4 Nc6 3.Nc3 e5 4.d5 Ne7 5.e4 Ng6 6.Be3 Bb4 7.f3 O-O 8.Qd2 d6
9.Nge2 a5 10.O-O-O Nd7 11.h4 Ne7 12.g4 c6 13.Ng3 cxd5 14.cxd5 Nc5 15.Kb1 Bd7
16.Nf5 Nxf5 17.gxf5 Rc8 18.Rc1 Kh8 19.Rg1 Rg8 20.Qf2 a4 21.a3 Ba5 22.Nb5 Nb3
23.Rxc8 Bxc8 24.h5 f6 25.Bc4 Qe7 26.Bxb3 axb3 27.Rc1 Bd7 28.Qe2 Be8 29.Rh1 Qd8
30.Qc4 Bb6 31.Bd2 Bc5 32.Qxb3 Qb6 33.a4 Bd7 34.Qd3 Ra8 35.b3 Bxb5 36.Qxb5 Qxb5
37.axb5 Bd4 38.Rc1 Ra1+ 39.Kc2 Rxc1+ 40.Bxc1 Bc5 41.Kd3 Kg8 42.f4 Kf7 43.fxe5 fxe5
44.Bg5 Bf2 45.Ke2 Bc5 46.Kf3 Bb6 47.Kg4 Bc5 48.Bd8 Be3 49.Kf3  1/2-1/2

[Event "EU-ch U16"]
[Site "Tallinn"]
[Date "1997.??.??"]
[Round "4"]
[White "El Kher, Henrik"]
[Black "Hersvik, Daniel"]
[Result "1/2-1/2"]
[WhiteElo "2305"]
[BlackElo "2125"]

1.d4 Nf6 2.c4 Nc6 3.Nf3 d6 4.Nc3 e5 5.d5 Ne7 6.e4 Bg4 7.Be2 h6 8.Be3 g6 9.h3 Bxf3
10.Bxf3 Bg7 11.Qd2 Nd7 12.g4 Nb6 13.b3 Nd7 14.h4 f5 15.gxf5 gxf5 16.Bh5+ Kf8
17.Qc2 Nf6 18.Bf3 f4 19.Bd2 h5 20.O-O-O Ng6 21.Rdg1 Kf7 22.Qd1 Rh7 23.Rg5 Qh8
24.Kb1 a6 25.Be2 Bh6 26.Rgg1 Bf8 27.Qf1 Be7 28.Qh3 Qc8 29.Qe6+ Qxe6 30.dxe6+ Kg7
31.Nd5 Nxd5 32.exd5 Kh6 33.Bd3 Rg7 34.Bxg6 Rxg6 35.Rxg6+ Kxg6 36.f3 Kh6 37.Kc2 Rg8
38.Kd3 Rg2 39.c5 Rf2 40.cxd6 Bxd6 41.Rg1 Rxf3+ 42.Ke4 Rf2 43.Bc1 Rh2 44.e7 Bxe7
45.Kxe5 Bd6+ 46.Kf5 Rxh4 47.Rg6+ Kh7 48.Bb2 Rg4 49.Rxg4 hxg4 50.Kxg4 Kg6
51.Bc1 f3 52.Kxf3 Kf5 53.Bb2 Bc5 54.a4 a5 55.Bc3 b6 56.Bb2 Bd6 57.Bc3 Bb4
58.Bd4  1/2-1/2

[Event "Telese"]
[Site "Telese"]
[Date "1997.??.??"]
[Round "?"]
[White "Efimov, Igor"]
[Black "Sulava, Nenad"]
[Result "1-0"]
[WhiteElo "2530"]
[BlackElo "2380"]

1.d4 Nf6 2.c4 Nc6 3.Nf3 e6 4.e3 Bb4+ 5.Nbd2 O-O 6.Bd3 Re8 7.O-O e5 8.d5 e4
9.Nxe4 Nxe4 10.dxc6 bxc6 11.Qc2 d5 12.Nd4 Bd6 13.f3 Qh4 14.g3 Nxg3 15.hxg3 Bxg3
16.f4 dxc4 17.Bxh7+ Kh8 18.Bf5 g6 19.Nf3 Qh5 20.Bxc8 Raxc8 21.Qg2 Qg4 22.Bd2 Kg7
23.Be1  1-0

[Event "Jarleslaget op"]
[Site "Trondheim"]
[Date "1997.??.??"]
[Round "5"]
[White "Moen, Andreas"]
[Black "Hagesaether, Halvard"]
[Result "1/2-1/2"]
[WhiteElo "2205"]
[BlackElo "2255"]

1.d4 Nf6 2.c4 Nc6 3.Nf3 d6 4.g3 e5 5.Bg2 g6 6.O-O Bg7 7.dxe5 Nxe5 8.Nxe5 dxe5
9.Qxd8+ Kxd8 10.Rd1+ Ke7 11.Nc3 c6 12.Be3 Rd8 13.Bc5+ Ke8 14.Rxd8+ Kxd8 15.Rd1+ Ke8
16.b4 Be6 17.b5 Rc8 18.bxc6 bxc6 19.Rd6 Bf8 20.Bxc6+ Nd7 21.Ne4 Bxd6 22.Nxd6+ Kd8
23.Nxc8 Nxc5 24.Nxa7 Bxc4 25.Bb5 Bxa2 26.Nc6+ Kc7 27.Nxe5 Kd6 28.Nd3 Ne6
29.h4 Nd4 30.Nc1 Nxb5 31.Nxa2 Ke5 32.Nb4 g5 33.hxg5 Kf5 34.f4 Nc3 35.e3 Ke4
36.Nc6 Kxe3 37.Ne5 Ne2+ 38.Kh2 Nxf4 39.Nxf7 Ne6 40.Kh3 Kf3 41.Kh4 Kf2 42.g4 Kf3
43.Ne5+ Kf4 44.Nd3+ Kf3 45.Kh5  1/2-1/2

[Event "Jarleslaget op"]
[Site "Trondheim"]
[Date "1997.??.??"]
[Round "5"]
[White "Madsen, Dag"]
[Black "Hagesaether, Paal Vegard"]
[Result "0-1"]
[WhiteElo "2265"]
[BlackElo "2220"]

1.d4 Nf6 2.c4 Nc6 3.Nf3 e6 4.g3 Bb4+ 5.Bd2 Qe7 6.Nc3 O-O 7.Bg2 d6 8.O-O Bxc3
9.Bxc3 e5 10.d5 Nb8 11.Qc2 a5 12.b3 Bg4 13.Nh4 Ne8 14.h3 Bc8 15.e4 g6 16.Rae1 Nd7
17.Bb2 Ng7 18.f4 f6 19.Qc3 Nc5 20.Kh2 b6 21.Nf3 Bd7 22.Nd2 g5 23.Bf3 h5 24.Bd1 h4
25.fxg5 fxg5 26.Bc1 Rf6 27.Rxf6 Qxf6 28.Rf1 Qg6 29.g4 Rf8 30.Rxf8+ Kxf8 31.Qf3+ Ke7
32.Bc2 Ne8 33.Qe2 Nf6 34.Nf3 Nh7 35.Qe3 Kf6 36.Kg2 Qg8 37.Nxg5 Nxg5 38.Qf2+ Kg6
39.Qxh4 Nf7 40.Qg3 Kh7 41.g5 Qg6 42.h4 Qh5 43.a3 Qe2+ 44.Qf2 Bg4 45.Kg3 Qxf2+
46.Kxf2 Kg6 47.b4 axb4 48.axb4 Nd7 49.Ba4 Kh5 50.Be3 Nh8 51.c5 bxc5 52.bxc5 Nxc5
53.Be8+ Ng6 54.Bxc5 dxc5 55.Ke3 Bh3 56.Kd3 Bf1+ 57.Kc3 Kxh4 58.Bxg6 Kxg5
59.Bh7 Kf4 60.Bg6 Ke3  0-1

[Event "Vsetin op"]
[Site "Vsetin"]
[Date "1997.??.??"]
[Round "?"]
[White "Jasny, Stanislav"]
[Black "Berezjuk, Sergej"]
[Result "0-1"]
[WhiteElo "2145"]
[BlackElo "2410"]

1.d4 Nf6 2.c4 Nc6 3.Nf3 e6 4.Nc3 Bb4 5.Bd2 O-O 6.Qc2 Re8 7.e3 d5 8.a3 Bd6
9.Bd3 dxc4 10.Bxc4 e5 11.dxe5 Nxe5 12.Nxe5 Bxe5 13.Qb3 Be6 14.Rd1 Qd3 15.Bxe6 Rxe6
16.Qxb7 Rd8 17.Qf3 Red6 18.Nb1 Ne4 19.Qe2 Qc2  0-1

[Event "Warsaw-ch"]
[Site "Warsaw"]
[Date "1997.??.??"]
[Round "4"]
[White "Kludacz, Magdalena"]
[Black "Shilin, Denis"]
[Result "1-0"]
[WhiteElo "2180"]
[BlackElo "2320"]

1.d4 Nf6 2.c4 Nc6 3.Nc3 e5 4.d5 Ne7 5.e4 Ng6 6.Nf3 Bb4 7.Qc2 Bxc3+ 8.bxc3 d6
9.g3 O-O 10.Bg2 Bd7 11.O-O Qc8 12.Rb1 b6 13.Bg5 Nh5 14.Nd2 h6 15.Be3 Bh3
16.Rbe1 Nf6 17.f3 Qd7 18.Qd1 Nh5 19.f4 Bg4 20.Bf3 Bxf3 21.Qxf3 Qh3 22.f5 Nh8
23.g4 Qxf3 24.Rxf3 Nf6 25.Rg3 Nh7 26.h4 f6 27.Nf3 Nf7 28.Kf2 c6 29.g5 fxg5
30.hxg5 Nfxg5 31.Nxg5 hxg5 32.Bxg5 Kf7 33.Rh1 Nxg5 34.Rxg5 cxd5 35.cxd5 Rac8
36.Rhg1 Rg8 37.Rg6 Rxc3 38.Rxd6 Rh8 39.Rd7+ Ke8 40.Rdxg7 Rh4 41.Rg8+ Kf7
42.R1g7+ Kf6 43.Rg6+ Kf7 44.R8g7+ Kf8 45.d6 Rf4+ 46.Kg2 Rc2+ 47.Kg3 Rc3+
48.Kg2 Rc2+ 49.Kh3 Rc3+ 50.Rg3 Rc4 51.Rg8+  1-0

[Event "Warsaw-ch"]
[Site "Warsaw"]
[Date "1997.??.??"]
[Round "9"]
[White "Berezin, Oleg"]
[Black "Shilin, Denis"]
[Result "1-0"]
[WhiteElo "2445"]
[BlackElo "2320"]

1.d4 Nf6 2.c4 Nc6 3.Nf3 e6 4.a3 d6 5.Nc3 Be7 6.e4 O-O 7.Be2 a5 8.O-O e5 9.d5 Nb8
10.h3 c6 11.Be3 Na6 12.b4 cxd5 13.cxd5 Bd7 14.b5 Rc8 15.Na4 Nc7 16.Qb1 Na8
17.Nd2 Ne8 18.Nc4 Bg5 19.Bb6 Qf6 20.Bxa5 Rxc4 21.Bxc4 Qg6 22.Kh1 f5 23.Bd3 f4
24.f3 Qh6 25.Qb2 Nf6 26.Kh2 Bh4 27.Be1 Bg3+ 28.Kg1 g5 29.Qd2 Qh4 30.Nc3 Rc8
31.Ne2 Kf7 32.Bxg3 fxg3 33.f4 gxf4 34.Nxf4 exf4 35.Rxf4 Qg5 36.Rxf6+ Kxf6
37.Rf1+ Kg6 38.e5+ Kh5 39.Be2+ Kg6 40.Rf6+ Qxf6 41.exf6 Kxf6  1-0

[Event "Ubeda op"]
[Site "Ubeda"]
[Date "1998.01.22"]
[Round "3"]
[White "Timoshenko, Georgy"]
[Black "Sulava, Nenad"]
[Result "1-0"]
[WhiteElo "2560"]
[BlackElo "2450"]

1.d4 Nf6 2.c4 Nc6 3.Nf3 e6 4.g3 d5 5.Bg2 dxc4 6.Qa4 Nd7 7.Qxc4 Nb6 8.Qd3 e5
9.Nxe5 Nb4 10.Qb3 Be6 11.Qc3 Qxd4 12.Qxd4 Nc2+ 13.Kd1 Nxd4 14.Bxb7 Rd8 15.Bd2 Na4
16.Nc6 Nxb2+ 17.Kc1 Nc4 18.Nxd8 Kxd8 19.e3 Nb5 20.Rd1 Nbd6 21.Bc3 c6 22.Bxc6 Kc7
23.Bd5 Bf5 24.a4 Be7 25.Nd2 Nb6 26.Bb3 Rc8 27.Kb2 Rb8 28.Ka2 Kd7 29.a5 Nb5  1-0

[Event "AUT-chT 9798"]
[Site "Austria"]
[Date "1998.03.07"]
[Round "10"]
[White "Chernin, Alexander"]
[Black "Blatny, Pavel"]
[Result "1/2-1/2"]
[WhiteElo "2645"]
[BlackElo "2560"]

1.d4 Nf6 2.c4 Nc6 3.Nf3 e6 4.Nc3 Bb4 5.Qc2 Qe7 6.Bg5 e5 7.dxe5 Nxe5 8.a3 Bxc3+
9.Qxc3 d6 10.Nd2 h6 11.Bxf6 Qxf6 12.g3 Be6 13.Bg2 Nxc4 14.Qxf6 gxf6 15.Nxc4 Bxc4
16.Bxb7 Rb8 17.Bc6+ Ke7 18.O-O-O Rb6 19.Bd5 Bb5 20.Rd4 Bd7 21.Rhd1 Rhb8 22.R1d2 c6
23.Ba2 c5 24.Rh4 Rh8 25.Bd5 f5 26.e4 Kf6 27.exf5 Re8 28.Kd1 Reb8 29.Kc1 Re8
30.Kd1 Reb8 31.b3 a5 32.a4 h5 33.Rf4 Re8 34.h3 Bc6 35.Bxc6 Rxc6 36.g4 hxg4
37.hxg4 Re5 38.Rf3 d5 39.Rh3 Kg5 40.f3 d4 41.Re2 Re3 42.Rxe3 dxe3 43.Ke2 Kf4
44.g5 Kxg5 45.Kxe3 c4 46.Kd4 cxb3 47.f4+ Kxf5 48.Rxb3 Kxf4 49.Rb5 Ra6 50.Kd3 f5
51.Kd2 Rd6+ 52.Kc3 Rc6+ 53.Kd3 Ra6 54.Kd2 Ra8 55.Kd3 Rd8+ 56.Kc3 Rc8+ 57.Kd3 Ra8
58.Kd2 Ke4 59.Ke2 f4 60.Kf2 Rc8 61.Rxa5 Rc2+ 62.Kg1 Kf3 63.Rb5 Rc1+ 64.Kh2 Rc3
65.Rb2 Ra3 66.a5 Rxa5 67.Rb3+ Ke2 68.Rb2+ Ke3 69.Rb3+ Ke4 70.Kg2 Ra2+ 71.Kf1  1/2-1/2

[Event "Budapest FS03 IM"]
[Site "Budapest"]
[Date "1998.03.11"]
[Round "5"]
[White "Kahn, Evarth"]
[Black "Ferencz, Istvan"]
[Result "1-0"]
[WhiteElo "2330"]
[BlackElo "2145"]

1.d4 Nf6 2.c4 Nc6 3.d5 Ne5 4.Qd4 d6 5.Nc3 c5 6.Qd1 g6 7.e4 Bg7 8.f4 Neg4
9.Nf3 h5 10.Bd3 Nd7 11.h3 Nh6 12.O-O O-O 13.f5 Ne5 14.Nxe5 dxe5 15.Bg5 a6
16.Be2 Qd6 17.Bxh5 gxh5 18.Qxh5 Kh7 19.Rf3 Rh8 20.Raf1 Kg8 21.Bxe7 Qxe7 22.f6 Qf8
23.Qxe5 Ng4 24.hxg4 Bh6 25.g5 Bg4 26.Rg3 Bh5 27.gxh6+ Bg6 28.Rxg6+ fxg6 29.Qg5 Qxh6
30.Qxh6 Rxh6 31.e5 Rf8 32.e6 Rc8 33.d6 g5 34.d7  1-0

[Event "Budapest FS03 IM"]
[Site "Budapest"]
[Date "1998.03.13"]
[Round "7"]
[White "Dudas, Janos"]
[Black "Ferencz, Istvan"]
[Result "1-0"]
[WhiteElo "2405"]
[BlackElo "2145"]

1.d4 Nf6 2.c4 Nc6 3.d5 Ne5 4.Qd4 Ng6 5.Nc3 e5 6.Qd3 Bb4 7.a3 Bxc3+ 8.Qxc3 d6
9.g3 a5 10.b3 b6 11.Bg2 h6 12.e4 O-O 13.Ne2 Nh7 14.O-O f5 15.f4 fxe4 16.Bxe4 Bf5
17.Bxf5 Rxf5 18.Bb2 Qd7 19.fxe5 dxe5 20.Rxf5 Qxf5 21.Rf1 Qe4 22.Nf4 Ng5 23.h4 Nxf4
24.gxf4 Nf7 25.Qg3 Re8 26.Re1 Qc2 27.Bc3 Nd6 28.Bxe5 Nf5 29.Qc3 Qxc3 30.Bxc3 Rxe1+
31.Bxe1 a4 32.bxa4 Ne3 33.a5 bxa5 34.Bxa5 Nxc4 35.Bxc7 Kf8 36.a4 Ke7 37.a5 Kd7
38.d6 Na3 39.a6 Nb5 40.Bb8 g6 41.Kf2  1-0

[Event "New York op"]
[Site "New York"]
[Date "1998.03.20"]
[Round "7"]
[White "Serper, Grigory"]
[Black "Yermolinsky, Alex"]
[Result "1/2-1/2"]
[WhiteElo "2540"]
[BlackElo "2660"]

1.d4 Nf6 2.c4 Nc6 3.Nf3 e6 4.a3 d6 5.Nc3 g6 6.e4 Bg7 7.Be2 O-O 8.O-O Re8
9.d5 Nb8 10.Qc2 Nbd7 11.Be3 a6 12.Rac1 Qe7 13.b4 c6 14.dxc6  1/2-1/2

[Event "Budapest FS04 IM"]
[Site "Budapest"]
[Date "1998.04.16"]
[Round "13"]
[White "Mensch, Etienne"]
[Black "Hagesaether, Halvard"]
[Result "0-1"]
[WhiteElo "2225"]
[BlackElo "2215"]

1.d4 Nf6 2.c4 Nc6 3.Bg5 h6 4.Bxf6 exf6 5.Nc3 f5 6.e3 Bb4 7.Ne2 d6 8.g3 Bd7
9.Bg2 Qf6 10.O-O Bxc3 11.Nxc3 Ne7 12.b4 c6 13.b5 O-O 14.bxc6 bxc6 15.Rb1 Rab8
16.Qa4 Rxb1 17.Rxb1 f4 18.Qxa7 Bf5 19.Re1 fxe3 20.fxe3 c5 21.Nd5 Nxd5 22.Bxd5 Be6
23.a4 h5 24.Qb6 Bxd5 25.cxd5 Ra8 26.Qc6 Rb8 27.a5 cxd4 28.Qc1 d3 29.a6 d2
30.Qxd2 Rb2 31.a7 Rxd2 32.a8=Q+ Kh7 33.Rf1 Qb2  0-1

[Event "Boca Juniors op"]
[Site "Buenos Aires"]
[Date "1998.05.14"]
[Round "7"]
[White "Llanos, Guillermo"]
[Black "Eggert, Alberto"]
[Result "1-0"]
[WhiteElo "2370"]
[BlackElo "2065"]

1.d4 Nf6 2.c4 Nc6 3.Nc3 e6 4.Bg5 h6 5.Bh4 Bb4 6.a3 Bxc3+ 7.bxc3 d5 8.e3 g5
9.Bg3 Ne4 10.f3 Nxg3 11.hxg3 Qd6 12.f4 gxf4 13.gxf4 dxc4 14.Bxc4 Bd7 15.Nf3 O-O-O
16.Qd2 Na5 17.Ba2 f6 18.O-O Bb5 19.Rfb1 Nc4 20.Qc1 Ba6 21.Rb4 Qc6 22.Rab1 Rhg8
23.Ne1 Rg3 24.Bxc4 Bxc4 25.Rxb7 Kd7 26.Rb8 Rxb8 27.Rxb8 Qe4 28.Kf2 Rg7 29.Qb1 Qd5
30.Qb4 Kc6 31.e4  1-0

[Event "CZE-ch"]
[Site "Zlin"]
[Date "1998.06.16"]
[Round "4"]
[White "Babula, Vlastimil"]
[Black "Velicka, Petr"]
[Result "1-0"]
[WhiteElo "2555"]
[BlackElo "2430"]

1.d4 Nf6 2.c4 Nc6 3.Nf3 e6 4.Nc3 Bb4 5.e3 d6 6.Be2 O-O 7.O-O Bxc3 8.bxc3 e5
9.Nd2 Re8 10.f3 d5 11.Nb3 a5 12.a4 dxc4 13.Bxc4 Nd5 14.dxe5 Nxc3 15.Qc2 Nd5
16.Rd1 Be6 17.Qf2 Nxe5 18.Bxd5 Bxd5 19.e4 Bxb3 20.Rxd8 Raxd8 21.Bd2 b6 22.h3 Rd3
23.Kh2 c5 24.Bf4 f6 25.Rb1 Kh8 26.Bg3 Red8 27.Bf4 h6 28.Bxe5 fxe5 29.Qg3 c4
30.Qxe5 Rd2 31.Qc7 b5 32.axb5 a4 33.b6 R2d7 34.Qc5 Rb8 35.e5 Rdb7 36.e6 Rxb6
37.Re1 R6b7 38.f4 Re8 39.f5 Rbe7 40.g4 Kg8 41.h4 Rb7 42.g5 hxg5 43.hxg5  1-0

[Event "Copenhagen op"]
[Site "Copenhagen"]
[Date "1998.07.01"]
[Round "10"]
[White "Olsen, Heini"]
[Black "Gullaksen, Eirik T"]
[Result "1/2-1/2"]
[WhiteElo "2270"]
[BlackElo "2345"]

1.d4 Nf6 2.c4 Nc6 3.Nf3 d6 4.Nc3 e5 5.d5 Ne7 6.e4 Ng6 7.h3 h5 8.h4 Be7 9.g3 Ng4
10.Qc2 O-O 11.Bd3 Nh8 12.Ng5 c6 13.f3 Nf6 14.Be3 Qa5 15.O-O-O Bd7 16.Kb1 a6
17.dxc6 bxc6 18.c5 dxc5 19.Bc4 Rfd8  1/2-1/2

[Event "World op"]
[Site "Philadelphia"]
[Date "1998.07.01"]
[Round "5"]
[White "Lein, Anatoly"]
[Black "Naole, Sean"]
[Result "0-1"]
[WhiteElo "2465"]
[BlackElo "2145"]

1.d4 Nf6 2.c4 Nc6 3.Nf3 e6 4.Nc3 Bb4 5.Bd2 O-O 6.e3 d6 7.Be2 e5 8.d5 Nb8
9.O-O Bg4 10.Ne1 Bxe2 11.Qxe2 Nbd7 12.Nc2 Bxc3 13.Bxc3 Ne4 14.Be1 a5 15.f3 Nec5
16.e4 f5 17.exf5 Rxf5 18.Na3 Rf7 19.Bf2 b6 20.Nb5 Nf6 21.Be3 Qe7 22.Rae1 Re8
23.Qd2 Na6 24.b3 Ref8 25.a3 Nh5 26.b4 axb4 27.axb4 Qh4 28.Rc1 h6 29.Rf2 e4
30.Nd4 exf3 31.Ne6 Rb8 32.Qb2 b5 33.Qa3 Qe4 34.Bd2 bxc4 35.Qxa6 c3 36.Rxc3 Rxb4  0-1

[Event "Smith & Williamson"]
[Site "Witley"]
[Date "1998.07.21"]
[Round "4"]
[White "Dougherty, Thomas"]
[Black "Beckett, Christopher J"]
[Result "0-1"]
[WhiteElo "2055"]
[BlackElo "2105"]

1.d4 Nf6 2.c4 Nc6 3.Nc3 e5 4.d5 Ne7 5.f4 exf4 6.Bxf4 Ng6 7.Bg3 Bc5 8.e4 O-O
9.Qc2 Re8 10.O-O-O a6 11.Bd3 Ng4 12.Qe2 d6 13.Nf3 Bd7 14.h3 Ne3 15.Rd2 Nf5
16.Bf2 Nf4 17.Qf1 Ne3 18.Qg1 Nxd3+ 19.Rxd3 Nxc4 20.Bxc5 dxc5 21.Qxc5 Ne5
22.Nxe5 Rxe5 23.Qd4 Qe7 24.Rg3 Re8 25.Qc4 b5 26.Qxc7 Rc8 27.Qb6 b4 28.d6 Qf6  0-1

[Event "Eikrem mem"]
[Site "Gausdal"]
[Date "1998.08.02"]
[Round "2"]
[White "Bjerke, Richard"]
[Black "Snarheim, Dagfinn"]
[Result "0-1"]
[WhiteElo "2295"]
[BlackElo "2190"]

1.d4 Nf6 2.c4 Nc6 3.Nf3 d6 4.g3 e5 5.Nc3 Bg4 6.d5 Ne7 7.Bg2 Ng6 8.h3 Bd7
9.Bd2 Be7 10.Rc1 Qc8 11.Qb3 O-O 12.h4 Nh5 13.e4 f5 14.exf5 Bxf5 15.Ng5 c6
16.c5 Kh8 17.cxd6 Bxd6 18.dxc6 bxc6 19.Nf7+ Rxf7 20.Qxf7 Nf6 21.Nb5 Bd3 22.Nxd6 Qg4
23.Bf1 e4 24.Rc5 Rf8 25.Qb3 Qf3 26.Rh2 Ng4 27.Rf5 Rxf5 28.Nxf5 Qxf5 29.Rg2 h6
30.Bxd3 exd3 31.Qd1 N6e5 32.Bf4 Qe4+ 33.Kf1 Nf3 34.Bc7 d2 35.Ba5 Qd3+  0-1

[Event "Schwarzach opA"]
[Site "Schwarzach"]
[Date "1998.08.28"]
[Round "7"]
[White "Epishin, Vladimir"]
[Black "Blatny, Pavel"]
[Result "1/2-1/2"]
[WhiteElo "2585"]
[BlackElo "2520"]

1.d4 Nf6 2.c4 Nc6 3.Nf3 e6 4.g3 Bb4+ 5.Bd2 Qe7 6.Nc3 d6 7.d5 exd5 8.Nxd5 Nxd5
9.cxd5 Ne5 10.Bg2 Bxd2+ 11.Nxd2 Nd3+ 12.Kf1 Nc5 13.b4 Nd7 14.Nb3 O-O 15.h3 Nf6
16.Bf3 Bf5 17.Kg2 Be4 18.Qd4 Rfe8 19.Rhd1 Qd7 20.Qc4 Rac8 21.Nd2 b5 22.Qc6 Bxf3+
23.exf3 Qxc6 24.dxc6 Nd5 25.a3 Nc3 26.Re1 Rxe1 27.Rxe1 Kf8 28.Nb3 a6 29.Re3 Nd5
30.Rd3 Nb6 31.Nd4 Re8 32.Kf1 Re5 33.Nc2 f5 34.f4 Re4 35.Ne3 g6 36.f3 Re7
37.Kf2 Kf7 38.g4 Kf6 39.Rd1 Re6 40.h4 d5 41.Nxd5+ Nxd5 42.Rxd5 Rxc6 43.h5 Rd6  1/2-1/2

[Event "Krynica zt"]
[Site "Krynica"]
[Date "1998.09.08"]
[Round "7"]
[White "Mrva, Martin"]
[Black "Blatny, Pavel"]
[Result "1-0"]
[WhiteElo "2445"]
[BlackElo "2520"]

1.d4 Nf6 2.c4 Nc6 3.Nf3 e6 4.Nc3 Bb4 5.Qc2 d6 6.a3 Bxc3+ 7.Qxc3 Qe7 8.b4 e5
9.dxe5 Nxe5 10.Bb2 Nfd7 11.c5 f6 12.cxd6 cxd6 13.Nd4 Nb6 14.Qb3 Bd7 15.e3 Na4
16.Nb5 Rc8 17.Rd1 Nxb2 18.Nxd6+ Qxd6 19.Rxd6 Rc1+ 20.Ke2 Nec4 21.Rxd7 Kxd7
22.g3 Kc7 23.Bg2 Rxh1 24.Bxh1 Rd8 25.Be4 Rd2+ 26.Ke1 g6 27.Bc2 Rd6 28.b5 Kb6
29.h4 Rd5 30.Qc3 f5 31.a4 Kc5 32.Kf1 a6 33.bxa6 bxa6 34.Kg2 Rd2 35.g4 fxg4
36.Kg3 h5 37.Qb3 Rd6 38.Qb7 Rb6 39.Qe7+ Rd6 40.Bxg6 Nxa4 41.Bxh5 Nab6 42.e4 Kd4
43.Bxg4 Kc3 44.h5 Rd3+ 45.Kg2 Rd2 46.Qg5  1-0

[Event "Elista ol (Men)"]
[Site "Elista"]
[Date "1998.10.07"]
[Round "9"]
[White "Sammalvuo, Tapani"]
[Black "Bologan, Viktor"]
[Result "0-1"]
[WhiteElo "2410"]
[BlackElo "2585"]

1.d4 Nf6 2.c4 Nc6 3.Nf3 e6 4.a3 d6 5.Nc3 g6 6.e4 Bg7 7.Be2 O-O 8.O-O Re8
9.Be3 e5 10.dxe5 dxe5 11.Qxd8 Nxd8 12.Nb5 Ne6 13.Ng5 Re7 14.Rfd1 Nxg5 15.Bxg5 Be6
16.Nc3 c6 17.b4 Ree8 18.h3 h6 19.Be3 Bf8 20.Rdb1 Nh5 21.Bf1 f5 22.exf5 gxf5
23.Be2 Nf4 24.Bf1 Bf7 25.g4 Be6 26.f3 h5 27.Ne2 Bg7 28.gxf5 Bxf5 29.Rd1 Nxh3+
30.Kh2 Nf4 31.Ng3 Be6 32.Ra2 a5 33.Bxf4 exf4 34.Nxh5 Bc3 35.Re2 axb4 36.axb4 Bf7
37.Rc1 Rxe2+ 38.Bxe2 Bxh5  0-1

[Event "BL2-S9899"]
[Site "Germany"]
[Date "1998.10.18"]
[Round "1.2"]
[White "Trachtmann, Mark"]
[Black "Velicka, Petr"]
[Result "1/2-1/2"]
[WhiteElo "2280"]
[BlackElo "2430"]

1.d4 Nf6 2.c4 Nc6 3.Nf3 e6 4.Nc3 Bb4 5.Bg5 h6 6.Bh4 g5 7.Bg3 Ne4 8.Qd3 d5
9.a3 Bxc3+ 10.bxc3 h5 11.h3 Nxg3 12.fxg3 dxc4 13.Qxc4 Qd6 14.Kf2 h4 15.g4 Bd7
16.e3 Qg3+ 17.Ke2 f6 18.Rb1 a6 19.Nd2 f5 20.gxf5 exf5 21.d5 Ne5 22.Qd4 O-O-O
23.Kd1 Bc6 24.c4 Ba4+ 25.Kc1 f4 26.Be2 Qxg2 27.Re1 f3 28.Bf1 Qg3 29.Kb2 f2
30.Re2 Nf3 31.Nxf3 Qxf3 32.Qa7 Kd7 33.Ka2 b6 34.Rxb6 Ra8 35.Qb7 Rhb8 36.Qxb8 Rxb8
37.Rxb8 g4 38.hxg4 h3 39.Rh8 Qg2 40.Bxg2 hxg2 41.Rxf2 g1=Q 42.Rh7+ Kc8 43.Rf8+ Kb7
44.d6 Qg2+ 45.Ka1 Qc2 46.Rxc7+ Kb6 47.Rb8+ Ka5 48.d7 Qc1+ 49.Ka2 Qc2+ 50.Ka1  1/2-1/2

[Event "Panormo zt"]
[Site "Panormo"]
[Date "1998.10.28"]
[Round "5"]
[White "Kofidis, Andreas"]
[Black "Raptis, Georgios"]
[Result "1-0"]
[WhiteElo "2380"]
[BlackElo "2140"]

1.d4 Nf6 2.c4 Nc6 3.Nc3 e5 4.d5 Ne7 5.e4 Ng6 6.a3 Bc5 7.Bd3 d6 8.h3 a6 9.Nf3 O-O
10.Qe2 Bd7 11.Be3 c6 12.Bxc5 dxc5 13.Qe3 Nf4 14.Bf1 cxd5 15.cxd5 Qc7 16.g3 Ng6
17.Bg2 Qc8 18.Rc1 b5 19.h4 Ng4 20.Qd2 Qd8 21.O-O b4 22.Na2 Bb5 23.Rfe1 bxa3
24.bxa3 Qb6 25.h5 Ne7 26.Qg5 Nf6 27.h6 Ng6 28.hxg7 Kxg7 29.Nxe5 h6 30.Qf5 Rae8
31.Ng4 Ng8 32.e5 Qa5 33.Nc3 Qxa3 34.d6 Rd8 35.Nf6 Bc4 36.Ncd5 Bd3 37.Qf3 Nxe5
38.Nh5+ Kh8 39.Qd1 Ng6 40.Rc3 Qa2 41.Qxd3 Rxd6 42.Rxc5 Re6 43.Qc3+  1-0

[Event "Hampstead GM4"]
[Site "Hampstead"]
[Date "1998.10.29"]
[Round "6"]
[White "Plaskett, Jim"]
[Black "Wall, Tim"]
[Result "1/2-1/2"]
[WhiteElo "2455"]
[BlackElo "2370"]

1.d4 Nf6 2.c4 Nc6 3.Nf3 e6 4.g3 Bb4+ 5.Nc3 d5 6.Bg2 dxc4 7.O-O O-O 8.a3 Be7
9.e4 a6 10.Bf4 b5 11.Re1 Bb7 12.d5  1/2-1/2

[Event "Corsican op"]
[Site "Bastia"]
[Date "1998.11.03"]
[Round "7"]
[White "Vaisser, Anatoli"]
[Black "Shchekachev, Andrei"]
[Result "1/2-1/2"]
[WhiteElo "2575"]
[BlackElo "2560"]

1.d4 Nf6 2.c4 Nc6 3.Nf3 e6 4.Nc3 Bb4 5.Bg5 h6 6.Bh4 g5 7.Bg3 Ne4 8.Rc1 Qf6
9.e3 Bxc3+ 10.bxc3 Nxg3 11.hxg3 b6 12.Bd3 Bb7 13.c5 g4 14.Nd2 h5 15.e4 d6
16.Qa4 Kf8 17.Ba6 Bxa6 18.Qxa6 Na5 19.cxd6 cxd6 20.Qb5 h4 21.Qb4 Rd8 22.e5 Qg6
23.exd6 Kg7 24.Rxh4 Rxh4 25.gxh4 g3 26.Qb5 gxf2+ 27.Kxf2 Qh6  1/2-1/2

[Event "Wch U16"]
[Site "Oropesa del Mar"]
[Date "1998.11.04"]
[Round "9"]
[White "Handke, Florian"]
[Black "Franco Alonso, Alejandro"]
[Result "1/2-1/2"]
[WhiteElo "2310"]
[BlackElo "2170"]

1.d4 Nf6 2.c4 Nc6 3.Nf3 e6 4.g3 Bb4+ 5.Nbd2 d5 6.Bg2 dxc4 7.Qc2 O-O 8.Qxc4 Qd5
9.O-O Bxd2 10.Qxd5 exd5 11.Bxd2 Bg4 12.Be3 Rfe8 13.h3 Bxf3 14.Bxf3 Ne4 15.h4 Rad8
16.Rfe1 Rd7 17.Kg2 Ne7 18.Bf4 c6 19.h5 Nc8 20.Bg4 Rde7 21.e3 f6 22.Be2 g5
23.hxg6 hxg6 24.g4 g5 25.Bg3 Nxg3 26.Kxg3 Nd6 27.Bd3 Ne4+ 28.Kg2 a5 29.Rh1 Rg7
30.Rac1 Kf7 31.Rh6 Reg8 32.Rch1  1/2-1/2

[Event "Marshall CC Winter"]
[Site "New York"]
[Date "1998.12.12"]
[Round "1"]
[White "Santana, Joan"]
[Black "Kacheishvili, Giorgi"]
[Result "0-1"]
[WhiteElo "2175"]
[BlackElo "2510"]

1.d4 Nf6 2.c4 Nc6 3.Nf3 e6 4.g3 Bb4+ 5.Bd2 Qe7 6.Bg2 Bxd2+ 7.Nbxd2 O-O 8.O-O d6
9.e4 a5 10.b3 e5 11.d5 Nb8 12.Rb1 Na6 13.a3 c6 14.b4 axb4 15.axb4 Bd7 16.Ne1 cxd5
17.exd5 Rac8 18.Nd3 Bf5 19.Qe2 b5 20.Rfc1 Nc7 21.cxb5 Nxb5 22.Nc4 Nd4 23.Qf1 Be4
24.Bxe4 Nxe4 25.Kh1 Rxc4 26.Rxc4 Nd2 27.Qc1 Nxb1 28.Qxb1 Qb7  0-1